Mezikulturní řízení a podnikání

Medzikulturálne rozdiely ako dôsledok globalizácie. Špecifiká práce v multikulturálnom prostredí. Prekonávanie rozdielov medzi kultúrami v medzinárodnom podnikaní. Interkulturálny manažment. Typológia národných kultúr. Interkulturálne správanie sa a etika.

Saved in:
Bibliographic Details
Format: Book Chapter
Language:Czech
Subjects:
Tags: Add Tag
No Tags, Be the first to tag this record!

MARC

LEADER 00000naa a2200000 4500
001 r045649
005 20231002103910.4
041 0 |a cze 
044 |a CZ 
245 1 0 |a Mezikulturní řízení a podnikání 
520 |a Medzikulturálne rozdiely ako dôsledok globalizácie. Špecifiká práce v multikulturálnom prostredí. Prekonávanie rozdielov medzi kultúrami v medzinárodnom podnikaní. Interkulturálny manažment. Typológia národných kultúr. Interkulturálne správanie sa a etika. 
610 2 0 |a kultúra 
610 2 0 |a globalizácia 
610 2 0 |a internacionalizácia 
610 2 0 |a etika 
610 2 0 |a zvyklosti obchodné 
610 2 0 |a komunikácia 
610 2 0 |a podnikanie medzinárodné 
610 2 0 |a cudzinci 
610 2 0 |a komunikácia multikultúrna